| 000 | 00755cam a2200217 a 4500 | ||
|---|---|---|---|
| 001 | 000011647 | ||
| 005 | 20260202091015.0 | ||
| 008 | 820308s1982 ilu b 001 0 eng d | ||
| 020 | _a0256026203 | ||
| 040 |
_aDO-SdBNP _bspa _dBNPHU |
||
| 082 |
_a658.3151 _bS365c, 1982 |
||
| 100 | 1 |
_aSchoen, Sterling Harry, _d1918- _927580 |
|
| 245 | 1 | 0 |
_aCases in collective bargaining and industrial relations : _ba decisional approach / _cSterling H. Schoen y Raymond L. Hilgert. |
| 250 | _a4a. ed. | ||
| 260 |
_aHomewood, Illinois : _bRichard D. Irwin, _c1982. |
||
| 300 |
_a152 p. ; _c24 cm. |
||
| 504 | _aBibliografías: p. 31-33. | ||
| 650 | 4 |
_aContratos colectivos de trabajo _97241 |
|
| 650 | 0 |
_aRelaciones humanas _9606 |
|
| 700 | 1 |
_aHilgert, Raymond L. _927581 |
|
| 999 |
_c11336 _d11336 |
||